000 00177 a2200097 4500
020 _a00602154488
041 _aspa
100 _aArthur Dorros
245 _aDon Radio
942 _cK
999 _c26444
_d26444